Coaxial moderately relativistic L-band backward wave oscillator; 3rd International Congress on Radiation Physics and Chemistry of Condensed Matter, High Current Electronics and Modification of Materials with Particle Beams and Plasma Flows

Bibliografische gegevens
Parent link:3rd International Congress on Radiation Physics and Chemistry of Condensed Matter, High Current Electronics and Modification of Materials with Particle Beams and Plasma Flows.— 2012.— [P. 217]
Coauteur: National Research Tomsk Polytechnic University (TPU)
Andere auteurs: Tsygankov R. V. Ruslan Vyacheslavovich, Konev V. Yu. Vladimir Yurjevich, Totmeninov E. M. Evgeny Markovich, Rostov V. V. Vladislav Vladimirovich, Pegel I. V. Igor Valerievich, Kitsanov S. A., Klimov A. I. Aleksey Ivanovich
Samenvatting:Title screen
Taal:Engels
Gepubliceerd in: 2012
Onderwerpen:
Online toegang:http://www.lib.tpu.ru/fulltext/c/2012/C54/019.pdf
Formaat: MixedMaterials Elektronisch Hoofdstuk
KOHA link:https://koha.lib.tpu.ru/cgi-bin/koha/opac-detail.pl?biblionumber=622040

MARC

LEADER 00000naa2a2200000 4500
001 622040
005 20231101133206.0
035 |a (RuTPU)RU\TPU\conf\20692 
035 |a RU\TPU\network\18422 
090 |a 622040 
100 |a 20170203d2012 k y0engy50 ba 
101 0 |a eng 
102 |a RU 
105 |a y z 101zy 
135 |a drnn ---uucaa 
181 0 |a i  
182 0 |a b 
200 1 |a Coaxial moderately relativistic L-band backward wave oscillator  |f R. V. Tsygankov [et al.] 
203 |a Текст  |c электронный 
230 |a 1 компьютерный файл (pdf; 72 Kb) 
300 |a Title screen 
463 1 |0 (RuTPU)RU\TPU\conf\1250  |t 3rd International Congress on Radiation Physics and Chemistry of Condensed Matter, High Current Electronics and Modification of Materials with Particle Beams and Plasma Flows  |o abstracts  |f National Research Tomsk Polytechnic University (TPU)  |v [P. 217]  |d 2012 
610 1 |a электронный ресурс 
610 1 |a труды учёных ТПУ 
701 1 |a Tsygankov  |b R. V.  |g Ruslan Vyacheslavovich 
701 1 |a Konev  |b V. Yu.  |g Vladimir Yurjevich 
701 1 |a Totmeninov  |b E. M.  |g Evgeny Markovich 
701 1 |a Rostov  |b V. V.  |g Vladislav Vladimirovich 
701 1 |a Pegel  |b I. V.  |c specialist in the field of automation equipment and electronics  |c Professor of Tomsk Polytechnic University, Doctor of physical and mathematical sciences  |f 1964-  |g Igor Valerievich  |2 stltpush  |3 (RuTPU)RU\TPU\pers\33780 
701 1 |a Kitsanov  |b S. A. 
701 1 |a Klimov  |b A. I.  |c specialist in the field of electronics  |c Associate Professor of Tomsk Polytechnic University, Candidate of physical and mathematical sciences  |f 1955-  |g Aleksey Ivanovich  |2 stltpush  |3 (RuTPU)RU\TPU\pers\32265 
712 0 2 |a National Research Tomsk Polytechnic University (TPU)  |2 stltpush  |3 (RuTPU)RU\TPU\col\18773 
801 2 |a RU  |b 63413507  |c 20170203  |g RCR 
856 4 |u http://www.lib.tpu.ru/fulltext/c/2012/C54/019.pdf 
942 |c BK